Library Catalogue
St. Thomas' College (Autonomous),Thrissur

ടി പത്മനാഭന്റെ കഥകൾ സമ്പൂർണം: വാല്യം 2 (Record no. 87390)

MARC details
000 -LEADER
fixed length control field 00599nam a2200217Ia 4500
003 - CONTROL NUMBER IDENTIFIER
control field STCL
005 - DATE AND TIME OF LATEST TRANSACTION
control field 20230621125020.0
008 - FIXED-LENGTH DATA ELEMENTS--GENERAL INFORMATION
fixed length control field 221019s9999 xx 000 0 und d
020 ## - INTERNATIONAL STANDARD BOOK NUMBER
International Standard Book Number 9788126405275
040 ## - CATALOGING SOURCE
Original cataloging agency STCL
Transcribing agency STCL
Language of cataloging EN
082 ## - DEWEY DECIMAL CLASSIFICATION NUMBER
Edition number 22
100 ## - MAIN ENTRY--PERSONAL NAME
Personal name Padmanabhan, T
245 #0 - TITLE STATEMENT
Title ടി പത്മനാഭന്റെ കഥകൾ സമ്പൂർണം: വാല്യം 2
246 ## - VARYING FORM OF TITLE
Title proper/short title T Padmanabhante kathakal sampoornam: valyam volume 2
250 ## - EDITION STATEMENT
Edition statement 8
260 ## - PUBLICATION, DISTRIBUTION, ETC. (IMPRINT)
Name of publisher, distributor, etc. D C Books
Place of publication, distribution, etc. Kottayam
Date of publication, distribution, etc. 2021
300 ## - PHYSICAL DESCRIPTION
Extent 535 p
365 ## - TRADE PRICE
Price amount 1299
546 ## - LANGUAGE NOTE
Language note Malayalam
942 ## - ADDED ENTRY ELEMENTS (KOHA)
Koha item type Book
Holdings
Withdrawn status Lost status Source of classification or shelving scheme Damaged status Not for loan Home library Current library Shelving location Date acquired Total Checkouts Full call number Barcode Date last seen Price effective from Koha item type
          Santhome Athenaeum Santhome Athenaeum General Stacks     M814 PAD-T 97340 19/10/2022 19/10/2022 Book
          Santhome Athenaeum Santhome Athenaeum General Stacks     M814 PAD-T 97341 19/10/2022 19/10/2022 Book
The Librarian
St. Thomas' College (Autonomous),
Thrissur - 680 001, Kerala, INDIA


Phone: +91 487 2420435    Ext: 1006   |    E-mail: stctlib@gmail.com    |    Web: http://stthomas.ac.in